All Governors of North Carolina - Statistics

General Stats
  • This quiz has been taken 14 times
  • The average score is 15 of 77
Answer Stats
Years Served Party Governor % Correct
2017 - 2025 Democrat Roy Cooper
100%
2025 - Present Democrat Josh Stein
91%
2013 - 2017 Republican Pat McCrory
91%
1977 - 1985 Democrat Jim Hunt
64%
1993 - 2001 Democrat Jim Hunt
64%
2009 - 2013 Democrat Bev Perdue
55%
2001 - 2009 Democrat Mike Easley
55%
1862 - 1865 Conservative Zebulon Baird Vance
55%
1877 - 1879 Democrat Zebulon Baird Vance
55%
1782 - 1785 None Alexander Martin
45%
1789 - 1792 Federalist Alexander Martin
45%
1985 - 1993 Republican James G. Martin
45%
1961 - 1964 Democrat Terry Sanford
45%
1973 - 1977 Republican James Holshouser
36%
1776 - 1780 None Richard Caswell
36%
1785 - 1787 None Richard Caswell
36%
1810 - 1811 Democratic Republican Benjamin Smith
27%
Candidate who died before taking office Democratic Republican John Baptista Ashe
27%
1795 - 1798 Democratic Republican Samuel Ashe
27%
1787 - 1789 Federalist Samuel Johnston
27%
1891 - 1893 Democrat Thomas Michael Holt
27%
1780 - 1781 None Abner Nash
18%
1901 - 1905 Democrat Charles Brantley Aycock
18%
1969 - 1973 Democrat Robert W. Scott
18%
1949 - 1953 Democrat W. Kerr Scott
18%
1885 - 1889 Democrat Alfred Moore Scales
9%
1799 - 1802 Federalist Benjamin Williams
9%
1807 - 1808 Federalist Benjamin Williams
9%
1921 - 1925 Democrat Cameron A. Morrison
9%
1937 - 1941 Democrat Clyde R. Hoey
9%
1874 - 1877 Republican Curtis Hooks Brogden
9%
1889 - 1891 Democrat Daniel Gould Fowle
9%
1897 - 1901 Republican Daniel Lindsay Russell
9%
1832 - 1835 Whig David Lowry Swain
9%
1851 - 1854 Democrat David Settle Reid
9%
1808 - 1810 Democratic Republican David Stone
9%
1836 - 1841 Whig Edward Bishop Dudley
9%
1893 - 1897 Democrat Elias Carr
9%
1861 - 1862 Democrat Henry Toole Clark
9%
1824 - 1827 Democratic Republican Hutchins Gordon Burton
9%
1802 - 1805 Democratic Republican James Turner
9%
1820 - 1821 Democratic Republican Jesse Franklin
9%
1817 - 1820 Democratic Republican John Branch
9%
1933 - 1937 Democrat John C. B. Ehringhaus
9%
1841 - 1845 Whig John Motley Morehead
9%
1865 - 1868 Conservative Jonathan Worth
9%
1913 - 1917 Democrat Locke Craig
9%
1954 - 1961 Democrat Luther H. Hodges
9%
1830 - 1832 Democratic Republican Montfort Stokes
9%
1929 - 1933 Democrat Oliver Max Gardner
9%
1945 - 1949 Democrat R. Gregg Cherry
9%
1792 - 1795 Federalist Richard Dobbs Spaight
9%
1835 - 1836 Democrat Richard Dobbs Spaight Jr.
9%
1781 - 1782 None Thomas Burke
9%
1917 - 1921 Democrat Thomas Walter Bickett
9%
1871 - 1874 Republican Tod Robinson Caldwell
9%
1854 - 1855 Democrat Warren Winslow
9%
1845 - 1849 Whig William Alexander Graham
9%
181 - 1814 Democratic Republican William Hawkins
9%
1909 - 1913 Democrat William Walton Kitchin
9%
1865 Not Applicable William Woods Holden
9%
1868 - 1871 Republican William Woods Holden
9%
1925 - 1929 Democrat Angus Wilton McLean
0%
1849 - 1851 Whig Charles Manly
0%
1965 - 1969 Democrat Dan K. Moore
0%
1821 - 1824 Democratic Republican Gabriel Holmes
0%
1827 - 1828 Democratic Republican James Iredell Jr.
0%
1941 - 1945 Democrat J. Melville Broughton
0%
1828 - 1830 Democratic Republican John Owen
0%
1859 - 1861 Democrat John Willis Ellis
0%
1805 - 1807 Democratic Repblican Nathaniel Alexander
0%
1905 - 1909 Democrat Robert Broadnax Glenn
0%
1855 - 1859 Democrat Thomas Bragg
0%
1879 - 1885 Democrat Thomas Jordan Jarvis
0%
1953 - 1954 Democrat William B. Umstead
0%
1814 - 1817 Democratic Republican William Miller
0%
1798 - 1799 Federalist William Richardson Davie
0%
No matching quizzes found
Score Distribution
Percent of People with Each Score
Percentile by Number Answered
Your Score History
You have not taken this quiz